Sladkovodní akvárium : rady odbornice pro jeho zařízení a ošetřování /

Hlavní autor: Scheurmann, Ines, 1950-
Další autoři: Köhler, Fritz W., Hofmann, Jaroslav, 1961-
Jazyk: Čeština
Vydáno: Praha : Vašut, 2022
Vydání: Druhé české vydání, aktualizované
Edice: Jak na to (Jan Vašut)
Témata:
Fyzický popis: 143 stran : ilustrace (některé barevné) ; 20 cm
Knihy
Uloženo v:
LEADER 02327cam a2200589 i 4500
001 nkc20223458529
003 CZ PrNK
005 20221110120349.0
007 ta
008 220916s2022 xr a e f 001 0 cze d
015 |a cnb003458529 
020 |a 978-80-7541-278-2  |q (brožováno) 
035 |a (OCoLC)1354195306 
040 |a ULG001  |b cze  |d BOA001  |e rda 
041 1 |a cze  |h ger 
072 7 |a 636  |x Chov zvířat. Živočišná výroba  |2 Konspekt  |9 24 
080 |a 636.98:597.2/.5  |2 MRF 
080 |a 639.34  |2 MRF 
080 |a 636.98:597.2/.5(28)  |2 MRF 
080 |a (035)  |2 MRF 
100 1 |a Scheurmann, Ines,  |d 1950-  |7 jn20000604880  |4 aut 
240 1 0 |a Aquarium für Süsswasser und Pflanzen.  |l Česky 
245 1 0 |a Sladkovodní akvárium :  |b rady odbornice pro jeho zařízení a ošetřování /  |c Ines Scheurmann 
250 |a Druhé české vydání, aktualizované 
264 1 |a Praha :  |b Vašut,  |c 2022 
300 |a 143 stran :  |b ilustrace (některé barevné) ;  |c 20 cm 
336 |a text  |b txt  |2 rdacontent 
337 |a bez média  |b n  |2 rdamedia 
338 |a svazek  |b nc  |2 rdacarrier 
490 1 |a Jak na to 
500 |a "Samostatná kapitola: chování a rozmnožovací biologie ryb. 80 barevných fotografií známých fotografů zvířat a 60 ilustrací Fritze W. Köhlera" 
500 |a Z němčiny přeložil Jaroslav Hofmann 
504 |a Obsahuje bibliografii a rejstřík 
650 0 7 |a akvaristika  |7 ph114022  |2 czenas 
650 0 7 |a chov okrasných ryb  |7 ph174639  |2 czenas 
650 0 7 |a sladkovodní akvarijní ryby  |7 ph116169  |2 czenas 
650 0 9 |a aquaristics  |2 eczenas 
650 0 9 |a ornamental fish keeping  |2 eczenas 
650 0 9 |a freshwater aquarium fishes  |2 eczenas 
655 7 |a příručky  |7 fd133209  |2 czenas 
655 9 |a handbooks and manuals  |2 eczenas 
700 1 |a Köhler, Fritz W.  |7 jn20001005502  |4 ill 
700 1 |a Hofmann, Jaroslav,  |d 1961-  |7 xx0013297  |4 trl 
830 0 |a Jak na to (Jan Vašut)  |0 s 
910 2 |a BOA001  |b 1-1496.074 
920 |a 016020003897050  |z ULG001 
928 9 |a Jan Vašut 
990 |a BK 
995 |a 01 
991 |b 202210  |c NOV 
996 6 |b 2610917632  |c 1-1496.074  |l MZK  |r Sklad / do 1 hodiny  |n 2  |p p.v.  |w 001902644  |u 000010  |a 1  |e BOA001  |j MZK50  |s P 
996 7 |b 2610919560  |c 1-1496.074  |l Vol.výběr  |r VV 1p  |n 4  |p kup  |h 636.98 SCH  |w 001902644  |u 000020  |a 0  |e BOA001  |j MZK50  |s A